Bolivien-Quiz - Statistiken

Allgemein
  • Dieses Quiz wurde 1.463 mal gespielt
  • Das Durchschnittsergebnis liegt bei 11 aus 20
Antwortstatistiken
Frage Antwort % Korrekt
Regierungssitz La Paz
90%
Haupt-Gebirgskette von Bolivien Anden
89%
Bolivien hat keinen Zugang zum Meer, wie dieses Nachbarland Paraguay
86%
Offizielle Hauptstadt Sucre
83%
Bolivien ist nach diesem südamerikanischen Befreier benannt Simón Bolívar
76%
Großes Binnengewässer an der Grenze mit Peru Titicaca-See
72%
Reich, das während der spanischen Eroberung den westlichen Teil Boliviens kontrollierte Inka-Reich
67%
50–70% der Reserven dieses Batterienmetalls befinden sich in Bolivien Lithium
64%
Argentinischer Marxist, der 1967 in Bolivien erschoßen wurde Che Guevara
63%
Grundnahrungsmittel, erstmals vor 5000 v. Chr. gepflanzt Kartoffel
62%
Bolivien hat davon 37, inklusive Quechua and Aymara Amtssprachen
54%
Kolonialer Name Boliviens Ober{peru}
52%
Blatt, das gekaut wird um die Effekte der Höhe entgegenzuwirken und aus dem illegale Drogen produziert werden Coca
47%
Bolivien verlor nach diesem Krieg sein gesamtes Küstengebiet Salpeterkrieg
28%
Hochland dieser Gebirgskette, verteilt auf Peru und Bolivien Alti{plano}
26%
Stadt, mit den meisten Bewohnern Santa Cruz
26%
Erster einheimischer Präsident (2006-19) Evo Morales
24%
Amerikanischer Gesetzloser, der zusammen mit dem "Sundance Kid" 1908 von bolivianischen Soldaten erschossen wurde Butch Cassidy
18%
Stadt mit Merreshöhe 4090 m, wo die grössten Silberreserven entdeckt wurden Potosí
17%
Vollständiger Name Boliviens {Plurinationaler} Staat von Bolivien
16%
Keine übereinstimmenden Quizze gefunden
Verteilung der Resultate
Anzahl Personen mit jedem Resultat
Perzentil nach korrekt beantworteten Fragen
Ihre Resultats-Entwicklung
Sie haben dieses Quiz noch nicht gespielt